Nommez ces joueurs de baseball - Statistiques

Statistiques générales
  • Ce quiz a été pris 125 fois
  • Le résultat moyen est 5 sur 12
Statistiques - réponses
Par images Réponse % Correct
Babe Ruth
81%
Barry Bonds
73%
Derek Jeter
71%
Jackie Robinson
68%
Alex Rodriguez
59%
Willie Mays
38%
Joe DiMaggio
34%
Mickey Mantle
32%
Ty Cobb
27%
Ted Williams
25%
Cy Young
15%
Lou Gehrig
15%
Aucun quiz correspondant
Distribution des résultats
% des personnes avec chaque résultat
Percentile par nombre de réponses
Votre historique - résultats
Vous n’avez pas pris ce quiz